| 000 | 00540nam a2200181Ia 4500 | ||
|---|---|---|---|
| 008 | 090630s9999 xx 000 0 und d | ||
| 082 | _b10105 | ||
| 100 | _aकाळे विजया. | ||
| 245 |
_aउंबरठा. _cकाळे विजया. |
||
| 260 |
_bडिंपल - वसई. _c1987 |
||
| 300 | _a133 | ||
| 600 | _aकाळे विजया. | ||
| 630 | _aउंबरठा. | ||
| 655 | _aकादंबरी. | ||
| 700 | _aकाळे विजया. | ||
| 730 | _aउंबरठा. | ||
| 942 | _cBOOK | ||
| 999 |
_c261961 _d261961 |
||